000 00294nam a22001337a 4500
008 170208b xxu||||| |||| 00| 0 eng d
020 _a9781579476922
041 _aeng
080 _29ED
_a61
100 _a4
101 _aSHM
245 _aCLASSIFICATION DISEASES
_cERICA DUKE
942 _2udc
_cBK
999 _c4860
_d4860